Football : Liste Brésil coupe du monde 2026 - Statistiques

Statistiques générales
  • Ce quiz a été pris 16 fois
  • Le résultat moyen est 19 sur 27
Statistiques - réponses
Club Joueur % Correct
Liverpool Alisson Becker
93%
Manchester United Casemiro
93%
OL Endrick
93%
PSG Marquinhos
93%
Santos Neymar
93%
Real Madrid Vinicius Junior
93%
Sélectionneur Carlo Ancelotti
87%
Fenerbahçe Ederson
87%
Arsenal Gabriel
87%
Arsenal Gabriel Martinelli
87%
FC Barcelone Raphinha
87%
Newcastle Bruno Guimaraes
80%
Manchester United Matheus Cunha
80%
Juventus Bremer
73%
Brentford Igor Thiago
73%
AS Roma Wesley
67%
Flamengo Lucas Paqueta
60%
Flamengo Danilo
53%
Botafogo Danilo
53%
Al-Ittihad Fabinho
53%
Flamengo Leo Pereira
53%
Al-Ahli Roger Ibanez
53%
Zénith Douglas Santos
47%
Zénith Luiz Henrique
47%
Bournemouth Rayan
47%
Gremio Weverton
47%
Flamengo Alex Sandro
40%
Aucun quiz correspondant
Distribution des résultats
% des personnes avec chaque résultat
Percentile par nombre de réponses
Votre historique - résultats
Vous n’avez pas pris ce quiz